000
00321nam a2200145Ia 4500
005
20250423095955.0
008
250422s9999 xx 000 0 und d
020
_a
9780409026337
050
_a
KP 35 .A105/
245
0
_a
Laws of FCT.
260
_a
South africa
260
_b
LexisNexis
260
_c
2007
942
_c
BK
999
_c
31902
_d
31902